000 00592nam a2200181 4500
001 137099
003 ES-MaACL
005 20230906195317.0
007 t|
008 070214s1964 sp r ||||1| cat d
100 1 _aSalas i Oliveras, Ramón.
_9101760
245 1 0 _aMataró i l'ensenyament /
_cRamón Salas i Oliveras.
260 _aMataró :
_bCaixa d'Estalvis i Mont de Pietat,
_c1964.
300 _a109 p., 12 lám. ;
_c23 cm.
500 _aPrimer accesit al Premio Iluro, 1962.
710 2 _aCaixa d'Estalvis i Mont de Pietat (Mataró)
_92274
852 _aES-MaACL
_jF-14673
_bR.53785
999 _c137099
_d137099